| 000 -LEADER |
| fixed length control field |
00798nam a22001577a 4500 |
| 003 - CONTROL NUMBER IDENTIFIER |
| control field |
OSt |
| 005 - DATE AND TIME OF LATEST TRANSACTION |
| control field |
20150919153246.0 |
| 008 - FIXED-LENGTH DATA ELEMENTS--GENERAL INFORMATION |
| fixed length control field |
150919b xxu||||| |||| 00| 0 eng d |
| 040 ## - CATALOGING SOURCE |
| Transcribing agency |
RUA |
| 082 ## - DEWEY DECIMAL CLASSIFICATION NUMBER |
| Classification number |
AGR CHI 2008 B036 Or.1 |
| 100 ## - MAIN ENTRY--PERSONAL NAME |
| 9 (RLIN) |
881 |
| Personal name |
CHIN, PHYLA. |
| 245 ## - TITLE STATEMENT |
| Title |
Effect of different weight of substact to the growth and yield of oyster mushroom at royal university of agriculture ប្រសិទ្ធភាពនៃទំងន់ល្បាយខុសគ្នាទៅលើការដាំដុះ លូតលាស់ និងទិន្នផលរបស់ផ្សិតអំបោះដាំនៅសាកលវិទ្យាល័យភូមិន្ទកសិកម្ម |
| 260 ## - PUBLICATION, DISTRIBUTION, ETC. (IMPRINT) |
| Place of publication, distribution, etc. |
Phnom Penh |
| Name of publisher, distributor, etc. |
RUA |
| Date of publication, distribution, etc. |
2008 |
| 300 ## - PHYSICAL DESCRIPTION |
| Extent |
xi; 44p. |
| Other physical details |
ill. |
| Dimensions |
29cm. |
| 942 ## - ADDED ENTRY ELEMENTS (KOHA) |
| Source of classification or shelving scheme |
|
| Koha item type |
AGR |